logo

Bir Sreshtho Munshi Abdur Rouf Library
Jhenaidah Cadet College

English and Scottish ballads / (Record no. 7535)

MARC details
000 -LEADER
fixed length control field 00673cam a22002531 4500
001 - CONTROL NUMBER
JCCL Control Number 7535
003 - CONTROL NUMBER IDENTIFIER
JCCL marc code BD-JhCC
005 - DATE AND TIME OF LATEST TRANSACTION
control field 20180211121733.0
008 - FIXED-LENGTH DATA ELEMENTS--GENERAL INFORMATION
fixed length control field 751119s1957 enka 000 0 eng
035 ## - SYSTEM CONTROL NUMBER
system control number (BD-JhCC)
040 ## - CATALOGING SOURCE
Original cataloging agency DLC
Transcribing agency Wa
Modifying agency DLC
041 ## - LANGUAGE CODE
Language code of Book eng
050 00 - LIBRARY OF CONGRESS CALL NUMBER
Classification number PR1181
Item number .G68
082 00 - DEWEY DECIMAL CLASSIFICATION NUMBER
Classification number 821.04
Author mark and Year GRA 1957
100 1# - MAIN ENTRY--PERSONAL NAME
Personal name Graves, Robert,
Dates associated with a name 1895-1985,
245 10 - TITLE STATEMENT
Title English and Scottish ballads /
260 ## - PUBLICATION, DISTRIBUTION, ETC. (IMPRINT)
Place of publication, distribution, etc London,
Name of publisher, distributor, etc Heinemann
Date of publication, distribution, etc [1957]
300 ## - PHYSICAL DESCRIPTION
Pagination xxvi, 163 p.
Other physical details illus.
Dimensions 20 cm.
650 #0 - SUBJECT ADDED ENTRY--TOPICAL TERM
Topical term or geographic name as entry element Ballads, English
Geographic subdivision England
General subdivision Texts.
650 #0 - SUBJECT ADDED ENTRY--TOPICAL TERM
Topical term or geographic name as entry element Ballads, Scots
Geographic subdivision Scotland
General subdivision Texts.
650 #0 - SUBJECT ADDED ENTRY--TOPICAL TERM
Topical term or geographic name as entry element Narrative poetry, English.
942 ## - ADDED ENTRY ELEMENTS (KOHA)
Source of classification or shelving scheme Dewey Decimal Classification
Koha item type Books
Holdings
Source of classification or shelving scheme Damaged status Not for loan Home library Current library Shelving location Date of accession Total Checkouts Full call number Barcode Date last seen Copy number Koha item type
Dewey Decimal Classification     JCC Rouf Library JCC Rouf Library General Stacks 02/10/2018   821.04 GRA 1957 9923 02/11/2018 C - 1 Books

JCC Library | Contacts | JCC Home

Last Update on 23 September 2017
Copyright @ 2017-2020 JCC Rouf Library
Rouf Library, Jhenidah Cadet College (JCC), Bangladesh